000
00312nam a2200157Ia 4500
100
_a
Narayan/R.K
650
_a
Fiction
942
_c
BK
366
_f
17.5
245
_a
Malgudi Adventures
260
_b
Puffin books
_c
2004
082
_a
808.83/NAR
_b
NAR
300
_a
270
546
_a
ENGLISH
999
_c
33146
_d
33146